[Event "POR-chT"]
[Site "Lisbon"]
[Date "1998.05.17"]
[Round "7"]
[White "Quaresma, Luis Manuel Trindad"]
[Black "Carvalho, Alda"]
[Result "1-0"]
[WhiteElo "2471"]
[BlackElo "2110"]
[PlyCount "49"]
[EventDate "1998.??.??"]
[EventType "team"]
[EventRounds "9"]
[EventCountry "POR"]
[SourceTitle "EXT 1999"]
[Source "ChessBase"]
[SourceDate "1998.11.16"]
[SourceVersion "1"]
[SourceVersionDate "1998.11.16"]
[SourceQuality "1"]

1. e4 c5 2. Nf3 e6 3. d4 cxd4 4. Nxd4 Nc6 5. Nc3 a6 6. g3 Nf6 7. Bg2 Be7 8. 0-0 0-0 9. Be3 Qc7 10. f4 d6 11. Qe2 Bd7 12. Nb3 Rac8 13. g4 Rfd8 14. g5 Ne8 15. Qh5 g6 16. Qh4 Bf8 17. Rf3 Ne7 18. Rh3 h5 19. gxh6 Kh7 20. Qf2 Qb8 21. Bb6 Nc7 22. Nd4 d5 23. Nf3 f6 24. e5 Bxh6 25. Rxh6+ 1-0

[Event "Jiri Pelikan mem-B email"]
[Site "Argentina"]
[Date "1997.??.??"]
[Round "?"]
[White "Aberbach Peltzman, Angel Sergio"]
[Black "Quaresma, Luis Manuel Trindad"]
[Result "0-1"]
[WhiteElo "2299"]
[BlackElo "2471"]
[PlyCount "64"]
[EventDate "1997.??.??"]
[EventType "tourn (corr)"]
[EventRounds "14"]
[EventCountry "ARG"]
[EventCategory "7"]
[SourceTitle "Corr 2002"]
[Source "ChessBase"]
[SourceDate "2002.05.23"]
[SourceVersion "1"]
[SourceVersionDate "2002.05.23"]
[SourceQuality "1"]

1. d4 Nf6 2. c4 e6 3. Nf3 Bb4+ 4. Nbd2 0-0 5. a3 Bxd2+ 6. Bxd2 Ne4 7. g3 d6 8. Bg2 Nd7 9. 0-0 Qe7 10. Rc1 f5 11. c5 Ndf6 12. Ng5 Nxd2 13. Qxd2 e5 14. cxd6 cxd6 15. dxe5 dxe5 16. Bd5+ Kh8 17. Bb3 h6 18. Nf3 e4 19. Nd4 Qd6 20. Rfd1 Bd7 21. Qa5 b6 22. Qa6 Qe5 23. e3 g5 24. Qb7 f4 25. exf4 gxf4 26. Qc7 Qh5 27. Ne6 Bxe6 28. Bxe6 Rae8 29. Qd6 e3 30. Rf1 Qf3 31. Qb4 Qe4 32. Bh3 Qxb4 0-1

[Event "Jiri Pelikan mem-B email"]
[Site "Argentina"]
[Date "1997.??.??"]
[Round "?"]
[White "Bericat, Angel Hugo"]
[Black "Quaresma, Luis Manuel Trindad"]
[Result "1/2-1/2"]
[WhiteElo "2507"]
[BlackElo "2471"]
[PlyCount "96"]
[EventDate "1997.??.??"]
[EventType "tourn (corr)"]
[EventRounds "14"]
[EventCountry "ARG"]
[EventCategory "7"]
[SourceTitle "Corr 2002"]
[Source "ChessBase"]
[SourceDate "2002.05.23"]
[SourceVersion "1"]
[SourceVersionDate "2002.05.23"]
[SourceQuality "1"]

1. e4 c5 2. Nf3 Nc6 3. d4 cxd4 4. Nxd4 e5 5. Nb5 d6 6. c4 Be6 7. N1c3 a6 8. Na3 Be7 9. Be2 Nd4 10. 0-0 Nf6 11. Nc2 Nxe2+ 12. Qxe2 Rc8 13. Ne3 0-0 14. f3 Qc7 15. b3 b5 16. Ncd5 Nxd5 17. Nxd5 Bxd5 18. cxd5 Qc2 19. Qxc2 Rxc2 20. Rf2 Rfc8 21. Ba3 Rxf2 22. Kxf2 Rc2+ 23. Kf1 f5 24. Bb4 fxe4 25. fxe4 Kf7 26. a4 Rb2 27. axb5 axb5 28. Ra3 Kf6 29. h4 Kg6 30. Bxd6 Rb1+ 31. Ke2 Rb2+ 32. Kd1 Bxd6 33. Ra6 Kh5 34. Rxd6 Kg4 35. Rd7 Kf4 36. Rxg7 Rxb3 37. Kc2 Re3 38. Rxh7 Rxe4 39. d6 Rc4+ 40. Kb3 Rd4 41. d7 Kf5 42. h5 Kf6 43. g4 e4 44. Kc3 Rd3+ 45. Kc2 b4 46. Rh6+ Ke5 47. g5 Rxd7 48. Rb6 e3 1/2-1/2

[Event "Jiri Pelikan mem-B email"]
[Site "Argentina"]
[Date "1997.??.??"]
[Round "?"]
[White "Craig, Tom James"]
[Black "Quaresma, Luis Manuel Trindad"]
[Result "1/2-1/2"]
[WhiteElo "2388"]
[BlackElo "2471"]
[PlyCount "40"]
[EventDate "1997.??.??"]
[EventType "tourn (corr)"]
[EventRounds "14"]
[EventCountry "ARG"]
[EventCategory "7"]
[SourceTitle "Corr 2002"]
[Source "ChessBase"]
[SourceDate "2002.05.23"]
[SourceVersion "1"]
[SourceVersionDate "2002.05.23"]
[SourceQuality "1"]

1. d4 Nf6 2. c4 e6 3. Nc3 Bb4 4. e3 0-0 5. Bd3 d5 6. Nf3 c5 7. 0-0 dxc4 8. Bxc4 b6 9. a3 cxd4 10. axb4 dxc3 11. Qxd8 Rxd8 12. bxc3 Bb7 13. Be2 a6 14. c4 Nc6 15. Ba3 Ne4 16. Rfc1 a5 17. bxa5 Nxa5 18. Bb4 Nc6 19. Be1 Nc5 20. Rcb1 Rxa1 1/2-1/2

[Event "Jiri Pelikan mem-B email"]
[Site "Argentina"]
[Date "1997.??.??"]
[Round "?"]
[White "Hofstetter, Hans Joachim"]
[Black "Quaresma, Luis Manuel Trindad"]
[Result "1/2-1/2"]
[WhiteElo "2493"]
[BlackElo "2471"]
[PlyCount "81"]
[EventDate "1997.??.??"]
[EventType "tourn (corr)"]
[EventRounds "14"]
[EventCountry "ARG"]
[EventCategory "7"]
[SourceTitle "Corr 2002"]
[Source "ChessBase"]
[SourceDate "2002.05.23"]
[SourceVersion "1"]
[SourceVersionDate "2002.05.23"]
[SourceQuality "1"]

1. a3 e5 2. e4 Nf6 3. Nc3 Bc5 4. Nf3 0-0 5. Nxe5 Bd4 6. Nf3 Bxc3 7. dxc3 Re8 8. Bd3 Nxe4 9. 0-0 d5 10. c4 Bg4 11. cxd5 Qxd5 12. h3 Bh5 13. Bf4 c6 14. Re1 Na6 15. Bxa6 bxa6 16. Qxd5 cxd5 17. g4 Bg6 18. Ne5 Nc5 19. Nxg6 hxg6 20. Be3 Rac8 21. Kf1 Na4 22. b3 Nb6 23. Rac1 Rc3 24. Re2 Rec8 25. a4 a5 26. Ke1 f6 27. h4 Kf7 28. Kd2 R8c6 29. Ree1 Nd7 30. f4 Nb6 31. Rh1 Nc8 32. Bd4 Rf3 33. Rcf1 Rg3 34. Rfg1 Rf3 35. f5 gxf5 36. g5 Nd6 37. gxf6 Ne4+ 38. Kd1 Nxf6 39. h5 Rf4 40. Bxa7 d4 41. Rg2 1/2-1/2